| 000 | 00995 a2200217 4500 | ||
|---|---|---|---|
| 001 | 28958 | ||
| 005 | 20260407155558.0 | ||
| 008 | 260407a1979 arg spa d | ||
| 003 | AR-UNSa-BCEJYS | ||
| 040 |
_aAR-UNSa-BCEJYS _bspa _cAR-UNSa-BCEJYS |
||
| 080 |
_a657 _xContabilidad |
||
| 245 | 1 | 0 | _aContabilidad básica |
| 264 | 1 |
_aBuenos Aires : _bEl Ateneo _c1979 |
|
| 300 |
_a200 p. _c26 cm. |
||
| 505 | _a1. Naturaleza y usos de la información contable - 2. Acumulación dela información contable - 3. Introducción al sistema contable - 4. Asiento de ajuste - 5. Inventarios de mercaderias e ingresos por ventas - 6. Inventario periodico- procedimiento - 7. La hoja de trabajo y el ciclo contable ejemplificado - 8. Acumulación y control de datos masivos - 9. Solución de las preguntas y respuestas para repaso del estudiante. | ||
| 942 | _cBK | ||
| 590 | _aniveau_biblio:m niveau_hierar:0 | ||
| 100 | 1 | _aEdwards, James Don | |
| 700 | 1 | _aHermanson, Roger H. | |
| 700 | 1 | _aSalmonson, R.F. | |
| 999 |
_c1761 _d1761 |
||